00629nam a2200181 a 4500001001000000003000900010005001700019008004100036040002500077049000900102082001600111245011000127260004500237300002000282942001400302952011400316999001700430000031311DO-SdBNP20210630095052.0110617s2003 dr 000 0 spa d aDO-SdBNPbspacBNPHU aBNPD axxxxbH767m00aHomilía de Mons. Fco. José Arnaiz en la misa del aniversario de la muerte del Dr. Joaquín Balaguer. aSanto Domingo :bAmigo del Hogar,c2003. a20 cm. ;c15 p. 2ddccLBS1 0010718PDaPDbPDcCTd2011-06-17iLF1l0oxxxx H767mp31311-10r2020-06-25w2020-06-25yLFPDZNo se presta c30803d30803